00482nam a2200181 a 4500001001300000003000900013005001700022008004100039020001000080082001300090245004600103260004200149300000800191500003500199505001600234650002400250710002600274nice12345678IN_TiNIC20260116012033.0050524s1934 kasa grp 000 0 eng  ac10000a201bSWE aQuddus Fransiskusningb Ajaib Gul Halqasi aKashgharbSwedish Mission Pressc1934 a54p aincludes index and biblioraphy2 aIllustrated aChristian-Biography2 aSwedish Mission Press